Psicología fisiológica / (Record no. 107075)

MARC details
000 -LEADER
campo de control de longitud fija 00812nam a2200217 4500
001 - NÚMERO DE CONTROL
campo de control 107075
003 - IDENTIFICADOR DE NÚMERO DE CONTROL
campo de control ES-MaACL
005 - FECHA Y HORA DE LA ÚLTIMA TRANSACCIÓN
campo de control 20250822032535.0
007 - CAMPO FIJO DE DESCRIPCIÓN FÍSICA--INFORMACIÓN GENERAL
campo de control de longitud fija t|
008 - DATOS DE LONGITUD FIJA--INFORMACIÓN GENERAL
campo de control de longitud fija 061121s1954 sp r ||||1| spa d
100 1# - ENTRADA PRINCIPAL--NOMBRE DE PERSONA
Nombre de persona Morgan, Clifford T.
9 (RLIN) 83511
245 10 - MENCIÓN DEL TÍTULO
Título Psicología fisiológica /
Mención de responsabilidad, etc. Clifford T. Morgan, Elliot Stellar ; traducción española de Carmen Castro de Zubiri, hecha sobre la tercera edición inglesa de 1950.
260 ## - PUBLICACIÓN, DISTRIBUCIÓN, ETC.
Lugar de publicación, distribución, etc. Madrid :
Nombre del editor, distribuidor, etc. Instituto de Estudios Políticos,
Fecha de publicación, distribución, etc. 1954.
300 ## - DESCRIPCIÓN FÍSICA
Extensión 719 p. :
Otras características físicas il. ;
Dimensiones 26 cm.
650 07 - PUNTO DE ACCESO ADICIONAL DE MATERIA--TÉRMINO DE MATERIA
Término de materia o nombre geográfico como elemento de entrada Psicología fisiológica
Fuente del encabezamiento o término embne
9 (RLIN) 16565
700 1# - ENTRADA AGREGADA--NOMBRE PERSONAL
Nombre de persona Stellar, Elliot.
9 (RLIN) 108075
700 1# - ENTRADA AGREGADA--NOMBRE PERSONAL
Nombre de persona Castro de Zubiri, Carmen.
9 (RLIN) 36917
710 2# - ENTRADA AGREGADA--NOMBRE DE ENTIDAD CORPORATIVA
Nombre de entidad corporativa o nombre de jurisdicción como elemento de entrada Instituto de Estudios Políticos (Madrid)
9 (RLIN) 4924
852 ## - LOCALIZACIÓN
Ubicación ES-MaACL
Número de control de estantería E-1411
Holdings
Estatus retirado Estado de pérdida Estado de daño No para préstamo Biblioteca de origen Biblioteca actual Ubicación en estantería Fecha de adquisición Fuente de adquisición Total de préstamos Signatura topográfica completa Código de barras Visto por última vez Precio de reemplazo Tipo de ítem Koha
        Biblioteca del Ateneo de Madrid Biblioteca del Ateneo de Madrid Depósito 2 17/01/2008     E-1411 1111759 23/02/2023 23/02/2023 Libro impreso